| Tag |
First Indicator |
Second Indicator |
Subfields |
| LEADER |
00000cam a2200000 a 4500 |
| 001 |
in00003425521 |
| 005 |
20151206090828.0 |
| 008 |
120620s2013 nyua 000 0 eng d |
| 010 |
|
|
|a 2012942549
|
| 016 |
7 |
|
|a 016176010
|2 Uk
|
| 019 |
|
|
|a 812253923
|
| 020 |
|
|
|a 9780062234896 (hc.)
|
| 020 |
|
|
|a 0062234897
|
| 029 |
1 |
|
|a NZ1
|b 14714546
|
| 029 |
1 |
|
|a AU@
|b 000050505110
|
| 029 |
1 |
|
|a AU@
|b 000050531425
|
| 029 |
1 |
|
|a NZ1
|b 14774907
|
| 035 |
|
|
|a (OCoLC)ocn795757605
|
| 035 |
|
|
|a (OCoLC)795757605
|
| 040 |
|
|
|a BTCTA
|b eng
|c BTCTA
|d DLC
|d BDX
|d UKMGB
|d AZZPT
|d BIB
|d MLY
|d MR0
|d IHV
|d JAG
|d YDXCP
|d OCLCO
|d TXX
|d OJ4
|d MCT
|d NDD
|d LMR
|d GZM
|d VP@
|d CDX
|d XFG
|d NDS
|d OCLCO
|d BTCLS
|d UtOrBLW
|
| 042 |
|
|
|a lccopycat
|
| 049 |
|
|
|a TXAM
|
| 050 |
0 |
0 |
|a PS3569.E6
|b M9 2013
|
| 082 |
0 |
0 |
|a 811/.54
|2 23
|
| 100 |
1 |
|
|a Sendak, Maurice.
|
| 245 |
1 |
0 |
|a My brother's book /
|c Maurice Sendak.
|
| 250 |
|
|
|a 1st ed.
|
| 264 |
|
1 |
|a New York :
|b HarperCollins,
|c 2013.
|
| 300 |
|
|
|a 31 pages :
|b color illustrations ;
|c 23 cm.
|
| 336 |
|
|
|a text
|b txt
|2 rdacontent
|
| 337 |
|
|
|a unmediated
|b n
|2 rdamedia
|
| 338 |
|
|
|a volume
|b nc
|2 rdacarrier
|
| 500 |
|
|
|a "Michael di Capua Books"--Title page.
|
| 520 |
|
|
|a "Fifty years after Where the Wild Things Are was published comes the last book Maurice Sendak completed before his death in May 2012, My Brother's Book. With influences from Shakespeare and William Blake, Sendak pays homage to his late brother, Jack, whom he credited for his passion for writing and drawing. Pairing Sendak's poignant poetry with his exquisite and dramatic artwork, this book redefines what mature readers expect from Maurice Sendak while continuing the lasting legacy he created over his long, illustrious career. Sendak's tribute to his brother is an expression of both grief and love and will resonate with his lifelong fans who may have read his children's books and will be ecstatic to discover something for them now. Pulitzer Prize-winning literary critic and Shakespearean scholar Stephen Greenblatt contributes a moving foreword--Amazon.
|
| 650 |
|
0 |
|a Brothers
|v Juvenile poetry.
|
| 650 |
|
0 |
|a Children's poetry, American.
|
| 650 |
|
0 |
|a Poetry.
|
| 600 |
1 |
0 |
|a Sendak, Maurice
|x Family
|v Poetry.
|
| 856 |
4 |
2 |
|3 Contributor biographical information
|u http://catdir.loc.gov/catdir/enhancements/fy1308/2012942549-b.html
|t 0
|
| 938 |
|
|
|a Baker and Taylor
|b BTCP
|n BK0011485819
|
| 938 |
|
|
|a Brodart
|b BROD
|n 103054073
|
| 938 |
|
|
|a YBP Library Services
|b YANK
|n 8789409
|
| 938 |
|
|
|a Coutts Information Services
|b COUT
|n 22657589
|
| 947 |
|
|
|a A14840652357
|
| 945 |
|
|
|a PromptCat
|b 591468
|
| 946 |
|
|
|a curr
|
| 994 |
|
|
|a 92
|b TXA
|
| 948 |
|
|
|a Cataloged
|b h
|c 2014/1/15
|d c
|e Dhernandez
|
| 999 |
|
|
|a MARS
|
| 999 |
f |
f |
|s 3b3524b0-e823-3e98-ac73-00d0ceec1c56
|i 45bb4bf4-9eec-3f78-8561-431d0b6f43d8
|t 0
|
| 952 |
f |
f |
|p normal
|a Texas A&M University
|b College Station
|c Sterling C. Evans Library
|d Evans: Curriculum Collection (4th floor)
|t 0
|e PS3569.E6 M9 2013
|h Library of Congress classification
|i unmediated -- volume
|m A14840652357
|
| 998 |
f |
f |
|a PS3569.E6 M9 2013
|t 0
|l Evans: Curriculum Collection (4th floor)
|